[Event "Zukertort - Zuid-Limburg"]
[Site ""]
[Date "2023.04.22"]
[Round "1.2"]
[White "Strating, Sybolt"]
[Black "Braun, Christian"]
[Result "1/2-1/2"]
[WhiteElo "2343"]
[BlackElo "2416"]

1. d4 {[%clk 01:30:56]} {[%emt 00:00:02]} Nf6 {[%clk 01:23:25]} {[%emt
00:07:36]} 2. c4 {[%clk 01:31:10]} {[%emt 00:00:16]} g6 {[%clk 01:23:42]}
{[%emt 00:00:14]} 3. Nc3 {[%clk 01:31:28]} {[%emt 00:00:11]} Bg7 {[%clk
01:24:07]} {[%emt 00:00:05]} 4. g3 {[%clk 01:31:46]} {[%emt 00:00:12]} O-O
{[%clk 01:24:31]} {[%emt 00:00:06]} 5. Bg2 {[%clk 01:32:13]} {[%emt 00:00:04]}
Nc6 {[%clk 01:24:56]} {[%emt 00:00:04]} 6. Nf3 {[%clk 01:32:30]} {[%emt
00:00:13]} d5 {[%clk 01:25:14]} {[%emt 00:00:13]} 7. cxd5 {[%clk 01:28:18]}
{[%emt 00:04:42]} Nxd5 {[%clk 01:25:35]} {[%emt 00:00:08]} 8. O-O {[%clk
01:28:20]} {[%emt 00:00:26]} e5 {[%clk 01:26:03]} {[%emt 00:00:04]} 9. Nxd5
{[%clk 01:12:05]} {[%emt 00:16:45]} e4 {[%clk 01:25:39]} {[%emt 00:00:55]} 10.
Ng5 {[%clk 01:03:10]} {[%emt 00:09:25]} Qxd5 {[%clk 01:25:46]} {[%emt
00:00:22]} 11. Nxe4 {[%clk 00:55:18]} {[%emt 00:08:22]} Qxd4 {[%clk 01:26:05]}
{[%emt 00:00:11]} 12. Bf4 {[%clk 00:54:25]} {[%emt 00:01:22]} Bf5 {[%clk
01:23:55]} {[%emt 00:02:41]} 13. e3 {[%clk 00:48:02]} {[%emt 00:06:53]} Qb6
{[%clk 01:08:09]} {[%emt 00:16:16]} 14. g4 {[%clk 00:37:43]} {[%emt 00:10:49]}
Bxe4 {[%clk 01:02:32]} {[%emt 00:06:06]} 15. Bxe4 {[%clk 00:38:08]} {[%emt
00:00:06]} Ne5 {[%clk 01:02:39]} {[%emt 00:00:23]} 16. Qe2 {[%clk 00:35:43]}
{[%emt 00:02:55]} c6 {[%clk 00:59:23]} {[%emt 00:03:45]} 17. Rab1 {[%clk
00:30:15]} {[%emt 00:05:58]} Nxg4 {[%clk 00:55:37]} {[%emt 00:04:17]} 18. Qxg4
{[%clk 00:29:00]} {[%emt 00:01:44]} f5 {[%clk 00:55:59]} {[%emt 00:00:08]} 19.
Qg2 {[%clk 00:29:18]} {[%emt 00:00:12]} fxe4 {[%clk 00:55:52]} {[%emt
00:00:37]} 20. Qxe4 {[%clk 00:29:46]} {[%emt 00:00:02]} Qa5 {[%clk 00:52:27]}
{[%emt 00:03:52]} 21. Qe6+ {[%clk 00:25:17]} {[%emt 00:05:02]} Rf7 {[%clk
00:47:18]} {[%emt 00:05:39]} 22. Rfd1 {[%emt 00:14:41]} Raf8 {[%clk 00:34:22]}
23. Bd6 {[%clk 00:20:32]} {[%emt 00:04:29]} Qg5+ {[%clk 00:34:30]} {[%emt
00:00:22]} 24. Kh1 {[%clk 00:20:32]} {[%emt 00:00:30]} Rd8 {[%clk 00:32:53]}
{[%emt 00:02:08]} 25. Bf4 {[%clk 00:19:32]} {[%emt 00:01:30]} Qf6 {[%clk
00:25:22]} {[%emt 00:08:00]} 26. Qxf6 {[%clk 00:15:50]} {[%emt 00:04:12]} Rxd1+
{[%clk 00:23:57]} {[%emt 00:01:56]} 27. Rxd1 {[%clk 00:16:15]} {[%emt
00:00:05]} Bxf6 {[%clk 00:24:20]} {[%emt 00:00:06]} 28. b3 {[%clk 00:16:10]}
{[%emt 00:00:35]} Kf8 {[%clk 00:24:26]} {[%emt 00:00:24]} 29. Kg2 {[%clk
00:15:11]} {[%emt 00:01:29]} Ke8 {[%clk 00:24:36]} {[%emt 00:00:20]} 30. Bb8
{[%clk 00:13:28]} {[%emt 00:02:13]} a6 {[%clk 00:21:50]} {[%emt 00:03:15]} 31.
e4 {[%clk 00:10:55]} {[%emt 00:03:04]} g5 {[%clk 00:21:14]} {[%emt 00:01:06]}
32. f4 {[%clk 00:06:02]} {[%emt 00:05:23]} gxf4 {[%clk 00:21:22]} {[%emt
00:00:22]} 33. Bxf4 {[%clk 00:06:30]} {[%emt 00:00:02]} Bh4 {[%clk 00:18:16]}
{[%emt 00:03:36]} 34. Be3 {[%clk 00:04:19]} {[%emt 00:02:41]} Ke7 {[%clk
00:18:22]} {[%emt 00:00:24]} 35. Rf1 {[%clk 00:04:10]} {[%emt 00:00:39]} Rxf1
{[%clk 00:17:21]} {[%emt 00:01:32]} 36. Kxf1 {[%clk 00:04:38]} Kd6 {[%clk
00:17:10]} {[%emt 00:00:41]} 37. Ke2 {[%clk 00:04:44]} {[%emt 00:00:24]} Bf6
{[%clk 00:17:10]} {[%emt 00:00:30]} 38. Kd3 {[%clk 00:04:42]} {[%emt 00:00:32]}
Be5 {[%clk 00:17:25]} {[%emt 00:00:15]} 39. h3 {[%clk 00:04:57]} {[%emt
00:00:15]} c5 {[%clk 00:17:48]} {[%emt 00:00:06]} 40. a4 {[%clk 00:04:34]}
{[%emt 00:00:54]} b5 {[%clk 00:18:12]} {[%emt 00:00:06]} 41. axb5 {[%clk
00:04:20]} {[%emt 00:00:43]} axb5 {[%clk 00:18:35]} {[%emt 00:00:07]} 42. Bf2
{[%clk 00:04:06]} {[%emt 00:00:44]} Kc6 {[%clk 00:18:46]} {[%emt 00:00:19]} 43.
Be3 {[%clk 00:03:49]} {[%emt 00:00:48]} Bd6 {[%clk 00:19:08]} {[%emt 00:00:06]}
44. Bf2 {[%clk 00:28:49]} {[%emt 00:05:32]} Be7 {[%clk 00:47:21]} {[%emt
00:02:17]} 45. Bg3 {[%clk 00:28:49]} {[%emt 00:00:30]} Kd7 {[%clk 00:47:26]}
{[%emt 00:00:24]} 46. e5 {[%clk 00:26:57]} {[%emt 00:02:23]} Ke6 {[%clk
00:47:49]} {[%emt 00:00:06]} 47. Ke4 {[%clk 00:27:23]} {[%emt 00:00:04]} Bd8
{[%clk 00:48:13]} {[%emt 00:00:06]} 48. Bf2 {[%clk 00:26:57]} {[%emt 00:00:57]}
c4 {[%clk 00:46:30]} {[%emt 00:02:13]} 49. bxc4 {[%clk 00:27:06]} {[%emt
00:00:21]} bxc4 {[%clk 00:46:54]} {[%emt 00:00:06]} 50. Be1 {[%clk 00:27:10]}
{[%emt 00:00:25]} Bb6 {[%clk 00:46:49]} {[%emt 00:00:35]} 51. Bc3 {[%clk
00:27:18]} {[%emt 00:00:23]} h5 {[%clk 00:47:11]} {[%emt 00:00:09]} 52. Bd2
{[%clk 00:26:43]} {[%emt 00:01:03]} Bc5 {[%clk 00:46:23]} {[%emt 00:01:16]} 53.
Bc3 {[%clk 00:27:05]} {[%emt 00:00:10]} Ba7 {[%clk 00:46:48]} {[%emt 00:00:05]}
54. Bd2 {[%clk 00:27:21]} {[%emt 00:00:15]} Bb8 {[%clk 00:47:10]} {[%emt
00:00:07]} 55. Bc3 {[%clk 00:27:47]} {[%emt 00:00:04]} Bc7 {[%clk 00:47:36]}
{[%emt 00:00:04]} 56. Kf4 {[%clk 00:27:23]} {[%emt 00:00:55]} Bd8 {[%clk
00:46:44]} {[%emt 00:01:21]} 57. Ke4 {[%clk 00:27:27]} {[%emt 00:00:27]} Bc7
{[%clk 00:46:56]} {[%emt 00:00:18]} 58. Kf4 {[%clk 00:27:49]} {[%emt 00:00:08]}
Bd8 {[%clk 00:47:23]} {[%emt 00:00:03]} 59. Ke4 {[%clk 00:28:10]} {[%emt
00:00:10]} Bc7 {[%clk 00:47:48]} {[%emt 00:00:03]} 1/2-1/2

[Event "Zukertort - Zuid-Limburg"]
[Site ""]
[Date "2023.04.22"]
[Round "1.3"]
[White "Wantola, Ivo"]
[Black "Ris, Robert"]
[Result "1/2-1/2"]
[WhiteElo "2346"]
[BlackElo "2446"]

1. Nf3 {[%clk 01:30:58]} {[%emt 00:00:01]} Nf6 {[%clk 01:30:05]} {[%emt
00:00:55]} 2. c4 {[%clk 01:31:22]} {[%emt 00:00:07]} b6 {[%clk 01:30:18]}
{[%emt 00:00:16]} 3. g3 {[%clk 01:31:46]} {[%emt 00:00:06]} Bb7 {[%clk
01:30:38]} {[%emt 00:00:10]} 4. Bg2 {[%clk 01:32:10]} {[%emt 00:00:06]} g6
{[%clk 01:30:52]} {[%emt 00:00:17]} 5. O-O {[%clk 01:32:21]} {[%emt 00:00:19]}
Bg7 {[%clk 01:31:06]} {[%emt 00:00:16]} 6. Nc3 {[%clk 01:32:30]} {[%emt
00:00:20]} O-O {[%clk 01:30:12]} {[%emt 00:01:24]} 7. Re1 {[%clk 01:32:44]}
{[%emt 00:00:16]} Ne4 {[%clk 01:17:24]} {[%emt 00:13:19]} 8. Nxe4 {[%clk
01:32:58]} {[%emt 00:00:16]} Bxe4 {[%clk 01:17:13]} {[%emt 00:00:40]} 9. d3
{[%clk 01:33:21]} {[%emt 00:00:07]} Bb7 {[%clk 01:17:37]} {[%emt 00:00:06]} 10.
e4 {[%clk 01:33:46]} {[%emt 00:00:05]} c5 {[%clk 01:16:56]} {[%emt 00:01:11]}
11. d4 {[%clk 01:34:08]} {[%emt 00:00:08]} cxd4 {[%clk 01:14:36]} {[%emt
00:02:50]} 12. Nxd4 {[%clk 01:33:49]} {[%emt 00:00:49]} Nc6 {[%clk 01:05:40]}
{[%emt 00:09:27]} 13. Be3 {[%clk 01:33:57]} {[%emt 00:00:22]} Rc8 {[%clk
01:02:46]} {[%emt 00:03:25]} 14. b3 {[%clk 01:32:42]} {[%emt 00:01:45]} Nxd4
{[%clk 00:57:51]} {[%emt 00:05:25]} 15. Bxd4 {[%clk 01:33:01]} {[%emt
00:00:11]} d6 {[%clk 00:57:52]} {[%emt 00:00:29]} 16. Bxg7 {[%clk 01:33:21]}
{[%emt 00:00:10]} Kxg7 {[%clk 00:58:16]} {[%emt 00:00:06]} 17. Qd4+ {[%clk
01:33:31]} {[%emt 00:00:20]} e5 {[%clk 00:57:04]} {[%emt 00:01:43]} 18. Qd3
{[%clk 01:33:24]} {[%emt 00:00:36]} Qc7 {[%clk 00:56:45]} {[%emt 00:00:50]} 19.
Rad1 {[%clk 01:31:42]} {[%emt 00:02:11]} Rfd8 {[%clk 00:55:21]} {[%emt
00:01:53]} 20. h4 {[%clk 01:26:34]} {[%emt 00:05:38]} Qe7 {[%clk 00:48:25]}
{[%emt 00:07:26]} 21. Rd2 {[%clk 01:22:47]} {[%emt 00:04:16]} Bc6 {[%clk
00:45:35]} {[%emt 00:03:21]} 22. Red1 {[%clk 01:21:35]} {[%emt 00:01:41]} Bb7
{[%clk 00:41:03]} {[%emt 00:05:03]} 1/2-1/2

[Event "Zukertort - Zuid-Limburg"]
[Site ""]
[Date "2023.04.22"]
[Round "1.4"]
[White "De Winter, Arthur"]
[Black "Lenaerts, Lennert"]
[Result "1/2-1/2"]
[WhiteElo "2374"]
[BlackElo "2376"]

1. e4 {[%clk 01:30:57]} {[%emt 00:00:02]} e5 {[%clk 01:29:48]} {[%emt
00:01:12]} 2. Nf3 {[%clk 01:31:22]} {[%emt 00:00:05]} Nc6 {[%clk 01:30:13]}
{[%emt 00:00:04]} 3. Bc4 {[%clk 01:31:46]} {[%emt 00:00:06]} Bc5 {[%clk
01:30:35]} {[%emt 00:00:08]} 4. c3 {[%clk 01:32:11]} {[%emt 00:00:05]} Nf6
{[%clk 01:31:02]} {[%emt 00:00:04]} 5. d3 {[%clk 01:32:35]} {[%emt 00:00:05]}
d6 {[%clk 01:28:15]} {[%emt 00:03:17]} 6. Bg5 {[%clk 01:32:40]} {[%emt
00:00:25]} h6 {[%clk 01:28:10]} {[%emt 00:00:36]} 7. Bh4 {[%clk 01:33:08]}
{[%emt 00:00:03]} a6 {[%clk 01:27:45]} {[%emt 00:00:54]} 8. O-O {[%clk
01:32:38]} {[%emt 00:01:00]} Ba7 {[%clk 01:26:30]} {[%emt 00:01:45]} 9. a4
{[%clk 01:32:00]} {[%emt 00:01:08]} Qe7 {[%clk 01:25:55]} {[%emt 00:01:06]} 10.
Nbd2 {[%clk 01:30:35]} {[%emt 00:01:55]} g5 {[%clk 01:25:47]} {[%emt 00:00:39]}
11. Bg3 {[%clk 01:31:00]} {[%emt 00:00:04]} Nh7 {[%clk 01:25:44]} {[%emt
00:00:32]} 1/2-1/2

[Event "Zukertort - Zuid-Limburg"]
[Site ""]
[Date "2023.04.22"]
[Round "1.5"]
[White "Van Meegen, Ruud"]
[Black "Van Gisbergen, Stan"]
[Result "1-0"]
[WhiteElo "2286"]
[BlackElo "2294"]

1. Nf3 {[%clk 01:29:40]} {[%emt 00:01:19]} Nf6 {[%clk 01:30:47]} {[%emt
00:00:13]} 2. g3 {[%clk 01:29:58]} {[%emt 00:00:13]} b6 {[%clk 01:30:13]}
{[%emt 00:01:03]} 3. Bg2 {[%clk 01:30:18]} {[%emt 00:00:10]} Bb7 {[%clk
01:30:18]} {[%emt 00:00:25]} 4. O-O {[%clk 01:30:32]} {[%emt 00:00:16]} e6
{[%clk 01:30:13]} {[%emt 00:00:36]} 5. c4 {[%clk 01:29:26]} {[%emt 00:01:36]}
c5 {[%clk 01:30:27]} {[%emt 00:00:16]} 6. b3 {[%clk 01:27:40]} {[%emt
00:02:17]} Be7 {[%clk 01:29:41]} {[%emt 00:01:16]} 7. Nc3 {[%clk 01:27:56]}
{[%emt 00:00:14]} O-O {[%clk 01:28:37]} {[%emt 00:01:34]} 8. Bb2 {[%clk
01:25:10]} {[%emt 00:03:16]} d5 {[%clk 01:22:11]} {[%emt 00:06:55]} 9. cxd5
{[%clk 01:16:45]} {[%emt 00:08:56]} Nxd5 {[%clk 01:21:15]} {[%emt 00:01:25]} 10.
d4 {[%clk 00:59:30]} {[%emt 00:17:46]} cxd4 {[%clk 01:16:24]} {[%emt 00:05:21]}
11. Nxd5 {[%clk 00:50:55]} {[%emt 00:09:05]} Bxd5 {[%clk 01:11:31]} {[%emt
00:05:22]} 12. Qxd4 {[%clk 00:50:56]} {[%emt 00:00:30]} Bf6 {[%clk 01:11:26]}
{[%emt 00:00:34]} 13. Qd2 {[%clk 00:51:18]} {[%emt 00:00:08]} Nd7 {[%clk
01:07:21]} {[%emt 00:04:35]} 14. Rac1 {[%clk 00:45:56]} {[%emt 00:05:52]} Nc5
{[%clk 01:00:21]} {[%emt 00:07:30]} 15. Ba3 {[%clk 00:39:51]} {[%emt 00:06:35]}
Rc8 {[%clk 00:45:54]} {[%emt 00:14:57]} 16. Qe3 {[%clk 00:39:52]} {[%emt
00:00:29]} Qe7 {[%clk 00:36:34]} {[%emt 00:09:49]} 17. Rc2 {[%clk 00:33:25]}
{[%emt 00:06:57]} Rc7 {[%clk 00:35:32]} {[%emt 00:01:32]} 18. Rfc1 {[%clk
00:33:12]} {[%emt 00:00:43]} Rfc8 {[%clk 00:35:48]} {[%emt 00:00:14]} 19. h4
{[%clk 00:32:19]} {[%emt 00:01:23]} h6 {[%clk 00:32:25]} {[%emt 00:03:54]} 20.
Nd2 {[%clk 00:20:53]} {[%emt 00:11:56]} Bxg2 {[%clk 00:28:36]} {[%emt
00:04:18]} 21. Kxg2 {[%clk 00:21:18]} {[%emt 00:00:05]} Qd8 {[%clk 00:25:02]}
{[%emt 00:04:04]} 22. Bxc5 {[%clk 00:20:24]} {[%emt 00:01:25]} Rxc5 {[%clk
00:21:35]} {[%emt 00:03:57]} 23. Rxc5 {[%clk 00:20:45]} {[%emt 00:00:09]} Rxc5
{[%clk 00:21:28]} {[%emt 00:00:37]} 24. Rxc5 {[%clk 00:21:06]} {[%emt
00:00:08]} bxc5 {[%clk 00:21:48]} {[%emt 00:00:11]} 25. Nc4 {[%clk 00:19:55]}
{[%emt 00:01:40]} Be7 {[%clk 00:17:12]} {[%emt 00:05:06]} 26. Qe4 {[%clk
00:14:01]} {[%emt 00:06:24]} g6 {[%clk 00:08:25]} {[%emt 00:09:17]} 27. Ne5
{[%clk 00:11:38]} {[%emt 00:02:54]} Bf6 {[%clk 00:04:21]} {[%emt 00:04:33]} 28.
Nd3 {[%clk 00:11:58]} {[%emt 00:00:10]} Qc7 {[%clk 00:04:06]} {[%emt 00:00:45]}
29. Qf4 {[%clk 00:07:56]} {[%emt 00:04:32]} Qxf4 {[%clk 00:03:13]} {[%emt
00:01:23]} 30. Nxf4 {[%clk 00:08:21]} {[%emt 00:00:05]} Kf8 {[%clk 00:03:26]}
{[%emt 00:00:18]} 31. Kf3 {[%clk 00:08:37]} {[%emt 00:00:13]} Ke7 {[%clk
00:03:15]} {[%emt 00:00:41]} 32. h5 {[%clk 00:03:54]} {[%emt 00:05:14]} g5
{[%clk 00:03:02]} {[%emt 00:00:42]} 33. Nd3 {[%clk 00:03:57]} {[%emt 00:00:27]}
Kd6 {[%clk 00:03:19]} {[%emt 00:00:13]} 34. Ke4 {[%clk 00:04:12]} {[%emt
00:00:16]} Bc3 {[%clk 00:00:59]} {[%emt 00:02:50]} 35. g4 {[%clk 00:04:35]}
{[%emt 00:00:07]} f6 {[%clk 00:00:56]} {[%emt 00:00:33]} 36. f3 {[%clk
00:01:59]} {[%emt 00:03:06]} Bd4 {[%clk 00:00:38]} {[%emt 00:00:48]} 37. Ne1
{[%clk 00:01:29]} {[%emt 00:01:00]} Bc3 {[%clk 00:00:56]} {[%emt 00:00:11]} 38.
Nc2 {[%clk 00:01:52]} {[%emt 00:00:07]} Bd2 {[%clk 00:00:45]} {[%emt 00:00:42]}
39. Na3 {[%clk 00:01:47]} {[%emt 00:00:34]} Bc1 {[%clk 00:01:03]} {[%emt
00:00:11]} 40. Nb5+ {[%clk 00:00:49]} {[%emt 00:01:29]} Kc6 {[%clk 00:00:32]}
{[%emt 00:01:01]} 41. Nxa7+ {[%clk 00:00:51]} {[%emt 00:00:28]} Kb7 {[%clk
00:18:45]} {[%emt 00:12:17]} 42. Nb5 {[%clk 00:30:57]} {[%emt 00:00:24]} Kc6
{[%clk 00:14:44]} {[%emt 00:04:30]} 43. Nc3 {[%clk 00:30:27]} {[%emt 00:01:01]}
Bd2 {[%clk 00:14:25]} {[%emt 00:00:50]} 44. Nd1 {[%clk 00:27:03]} {[%emt
00:03:53]} Kb5 {[%clk 00:13:32]} {[%emt 00:01:23]} 45. Nb2 {[%clk 00:27:19]}
{[%emt 00:00:14]} Kb4 {[%clk 00:13:26]} {[%emt 00:00:35]} 46. Nd3+ {[%clk
00:24:50]} {[%emt 00:02:59]} Kb5 {[%clk 00:13:30]} {[%emt 00:00:26]} 47. a4+
{[%clk 00:25:06]} {[%emt 00:00:15]} Kc6 {[%clk 00:13:33]} {[%emt 00:00:27]} 48.
Nb2 {[%clk 00:25:12]} {[%emt 00:00:24]} Bf4 {[%clk 00:13:45]} {[%emt 00:00:18]}
49. Nc4 {[%clk 00:25:28]} {[%emt 00:00:14]} Bc7 {[%clk 00:14:03]} {[%emt
00:00:12]} 50. e3 {[%clk 00:24:53]} {[%emt 00:01:05]} Bg3 {[%clk 00:12:51]}
{[%emt 00:01:42]} 51. f4 {[%clk 00:23:22]} {[%emt 00:02:02]} gxf4 {[%clk
00:12:45]} {[%emt 00:00:35]} 52. exf4 {[%clk 00:23:41]} {[%emt 00:00:10]} Bh4
{[%clk 00:13:08]} {[%emt 00:00:08]} 53. Nd2 {[%clk 00:17:06]} {[%emt 00:07:05]}
1-0